Schaum's outline of theory & problems of statistics (Record no. 7840)

000 -LEADER
fixed length control field 00549nam a2200205 4500
001 - CONTROL NUMBER
control field 7840
003 - CONTROL NUMBER IDENTIFIER
control field BD-DhUET
008 - FIXED-LENGTH DATA ELEMENTS--GENERAL INFORMATION
fixed length control field 141213b/xxu||||| |||| 00| 0 eng d
020 ## - INTERNATIONAL STANDARD BOOK NUMBER
International Standard Book Number 070602271
040 ## - CATALOGING SOURCE
Original cataloging agency DLC
Language of cataloging DLC
Transcribing agency BD-DhUET
082 ## - DEWEY DECIMAL CLASSIFICATION NUMBER
Classification number 519.9
Item number SPI/1961
100 ## - MAIN ENTRY--PERSONAL NAME
Personal name Spiegel , Murray R
245 ## - TITLE STATEMENT
Title Schaum's outline of theory & problems of statistics
250 ## - EDITION STATEMENT
Edition statement 1st ed.
260 ## - PUBLICATION, DISTRIBUTION, ETC. (IMPRINT)
Place of publication, distribution, etc. Singapore
Name of publisher, distributor, etc. McGraw Hill
Date of publication, distribution, etc. 1961
300 ## - PHYSICAL DESCRIPTION
Extent 359 p.
Other physical details ill.
Dimensions 27 cm.
490 ## - SERIES STATEMENT
Series statement Schaum's Outline Series
650 #0 - SUBJECT ADDED ENTRY--TOPICAL TERM
Topical term or geographic name as entry element Statistical mathematics
942 ## - ADDED ENTRY ELEMENTS (KOHA)
Koha item type General Book
Holdings
Location (home branch) Not for loan Damaged status Koha full call number Lost status Sublocation or collection (holding branch) Shelving location Koha date last seen Koha item type Koha normalized classification for sorting Koha issues (times borrowed) Withdrawn status Koha date last borrowed Price effective from Piece designation (barcode) Source of classification or shelving scheme Copy number Date acquired
Central Library, BUET  519.9/SPI/1961 Central Library, BUETCirculation section2015-08-22General Book519_900000000000000_SPI_1961   2014-12-1325219 12014-12-13
Central Library, BUET  519.9/SPI/1961 Central Library, BUETCirculation section2017-02-06General Book519_900000000000000_SPI_1961   2014-12-1366184 22014-12-13
Central Library, BUET  519.9/SPI/1961 Central Library, BUETCirculation section2014-12-13General Book519_900000000000000_SPI_1961   2014-12-13345 32014-12-13
Central Library, BUET  519.9/SPI/1961 Central Library, BUETCirculation section2015-08-01General Book519_900000000000000_SPI_19611 2015-08-012014-12-1356483 52014-12-13
Central Library, BUET  519.9/SPI/1961 Central Library, BUETCirculation section2014-12-13General Book519_900000000000000_SPI_1961   2014-12-1331847 62014-12-13
Central Library, BUET  519.9/SPI/1961 Central Library, BUETCirculation section2014-12-13General Book519_900000000000000_SPI_1961   2014-12-1331828 72014-12-13
Central Library, BUET  519.9/SPI/1961 Central Library, BUETCirculation section2014-12-13General Book519_900000000000000_SPI_1961   2014-12-1331843 82014-12-13